00722nam a2200169 a 450000100100000000500170001000800410002704000240006810000350009224500970012726000410022430000280026559000260029395201050031995201110042499900170053500004656120201002052948.0150826s1988 dr a 000 spa d aDO-SdBNPbspaBNPHU aRoyuela, José Antonio937691 0aEspañol estructural :b4 to. curso /cJosé Antonio Royuela, Ynés Constanzo Martínez. aSanto Domingo :aQuisqueyana,c1988. a194 p. :bil. ;c25 cm. aInventariado, 2018/DG 0010718PDaPDbPDcHDd2015-08-26iLF1l0o p46561-10r2020-06-25w2020-06-25yLFPDZNo se presta 0011718PDaPDbPDcMId2015-08-26iLF1l0o p46561-20r2020-06-25te. 2w2020-06-25yLFPDZNo se presta c46050d46050